00609cam a22002051 450000100060000000300080000600500170001400800410003103500190007203500190009104000300011004100080014008200220014810000260017024500550019626000420025130000380029350400300033165100420036124100BD-RjUL20211209001017.0750801s1962 ilua b 000 0 eng  a(BD-RjUL)24166 a(BD-RjUL)24166 aDLCcOCUdOCoLCdDLCbeng aeng a942.082bHAT 19661 aHavighurst, Alfred F.10aTwentieth-century Britain.c Alfred F. Havighurst. aEvanston, Ill.,bRow, Petersonc1966. axiii , 572 p. :billus. ;c24 cm. aBibliography: p. 478-486. 0aGreat BritainxHistoryy20th century.